| 000 | 01264cam a22003137a 4500 | ||
|---|---|---|---|
| 001 | 2582 | ||
| 005 | 20240103095103.0 | ||
| 020 | _a0545342147 (pbk.) | ||
| 020 | _a9780545342148 | ||
| 040 |
_aYDXCP _cYDXCP _dBTCTA _dOCLCQ _dBDX _dTRACS _dOCLCO _dOCLCF _dDLC _beng |
||
| 050 | 0 | 0 |
_aPZ7.C4576 _bFly 2013 |
| 082 | 0 | 0 |
_a823.92 _223 |
| 100 | 1 | _aChristopher, Lucy | |
| 245 | 1 | 0 |
_aFlyaway / _cLucy Christopher |
| 250 | _aFirst Scholastic paperback printing, May 2013 | ||
| 260 |
_aNew York : _bScholastic, _c2013 |
||
| 300 |
_a328 pages ; _c20 cm |
||
| 505 | _aK | ||
| 520 | _aWhile visiting her father in hospital, thirteen-year-old Isla meets Harry, the first boy to understand her and her love of the outdoors. But Harry is ill, and as his health fails, Isla is determined to help him in the only way she knows how. Together they watch a lone swan struggling to fly on the lake outside Harry's window. | ||
| 521 | 2 |
_a580 _bLexile |
|
| 521 | 0 |
_aK _bRaz-Plus |
|
| 650 | 0 |
_aSick _vJuvenile fiction. |
|
| 650 | 0 |
_aSwans _vJuvenile fiction. |
|
| 650 | 0 |
_aWildlife rescue _vJuvenile fiction. |
|
| 650 | 0 |
_aFamilies _vJuvenile fiction. |
|
| 650 | 0 |
_aFathers and daughters _vJuvenile fiction. |
|
| 906 |
_a7 _bcbc _ccopycat _d2 _encip _f20 _gy-gencatlg |
||
| 942 |
_2ddc _cBK _n0 |
||
| 999 |
_c2582 _d2582 |
||